书目信息 |
| 题名: |
北冰洋
|
|
| 作者: | 毛汉英 编著 | |
| 分册: | ||
| 出版信息: | 天津 天津人民出版社 1980 |
|
| 页数: | 187页 | |
| 开本: | 19cm | |
| 丛书名: | ||
| 单 册: | ||
| 中图分类: | P727 , K91 | |
| 科图分类: | ||
| 主题词: | 地理--世界 | |
| 电子资源: | ||
| ISBN: | ||
| 000 | 00585nam0 2200241 450 | |
| 001 | 1560537576 | |
| 005 | 20150126165144.18 | |
| 010 | @dCNY0.44 | |
| 091 | @a12072.11 | |
| 100 | @a19950317d1980 em y0chiy0110 ea | |
| 101 | 0 | @achi |
| 102 | @aCN@b120000 | |
| 105 | @ay z 000yy | |
| 200 | 1 | @a北冰洋@9bei bing yang@f毛汉英编著 |
| 210 | @a天津@c天津人民出版社@d1980 | |
| 215 | @a187页@d19cm | |
| 606 | 0 | @a地理@x世界 |
| 607 | @a北冰洋 | |
| 690 | @aP727@v5 | |
| 690 | @aK91@v4 | |
| 701 | 0 | @a毛汉英@9mao han ying@4编著 |
| 801 | 0 | @aCN@bTSSF@c20150126 |
| 905 | @aZUCC@dK91@eJY6 | |
| 北冰洋/毛汉英编著.-天津:天津人民出版社,1980 |
| 187页;19cm |
| ISBN :CNY0.44 |
| ● |
| 相关链接 |
|
|
|
|
正题名:北冰洋
索取号:K91/JY6
 
预约/预借
| 序号 | 登录号 | 条形码 | 馆藏地/架位号 | 状态 | 备注 |
| 1 | 7838829 | 278388291 | 学院路分馆/ [索取号:K91/JY6] | 在馆 | |
| 2 | 7838830 | 278388308 | 学院路分馆/ [索取号:K91/JY6] | 在馆 |